000
00283nam a2200121Ia 4500
008
140130s9999 xx 000 0 und d
245
_c
Korman, Gordon
_a
One falls note
260
_b
Scholastic,
_c
2008
440
_v
1
521
_a
Grade 3 - Grade 4
942
_c
BK
999
_c
40961
_d
40961